Computational and conversational discourse : burning issues - an interdisciplinary account
Αποθηκεύτηκε σε:
| Άλλοι συγγραφείς: | , |
|---|---|
| Μορφή: | Βιβλίο |
| Γλώσσα: | English |
| Δημοσίευση: |
Berlin :
Springer,
1996
|
| Σειρά: | NATO ASI series. Computer and systems sciences ;
; 151; Series F |
| Θέματα: | |
| Ετικέτες: |
Προσθήκη ετικέτας
Δεν υπάρχουν, Καταχωρήστε ετικέτα πρώτοι!
|
MARC
| LEADER | 00000nam a2200000 i 4500 | ||
|---|---|---|---|
| 001 | 1/82359 | ||
| 008 | 990524s1996 eng d | ||
| 020 | |a 3-540-60948-2 | ||
| 035 | |l 10051066 | ||
| 040 | |a GR-MY-UA |b gre |e aacr | ||
| 041 | 0 | |a eng | |
| 082 | 0 | |a 401.41 | |
| 245 | 1 | 0 | |a Computational and conversational discourse : |b burning issues - an interdisciplinary account / |c edited by Eduard H.Hovy, Donia R.Scott |
| 260 | |a Berlin : |b Springer, |c 1996 | ||
| 300 | |a 202 p. | ||
| 490 | 1 | |a NATO ASI series. Computer and systems sciences |v ; 151; Series F | |
| 650 | 0 | 0 | |a Discourse analysis. |
| 650 | 0 | 0 | |a Computational linguistics. |
| 700 | 1 | |a Hovy, Eduard H. |4 edt | |
| 700 | 1 | |a Scott, Donia R. |d 1952- |4 edt | |
| 830 | 0 | |a NATO ASI series. Computer and systems sciences ; |v ; 151; Series F | |
| 852 | |a INST |b RHODES |e 19990524 |h 401.41 COM |p 005400015326 |q 005400015326 |t BK |y 0 | ||
| 901 | |a BIBL4-1999-2 | ||
| 909 | |a Ρ |b 065161 |c 1999 | ||
| 922 | |a 4ΕΛΗ |b 199903 |d LEADER | ||